000 00263nam a2200109Ia 4500
008 200302s9999 xx 000 0 und d
100 _aMarcelo Novaes
245 _aGarden Landscapes
260 _bDesign Media Publishing (UK) Ltd.,
260 _c2010
300 _a221
999 _c6189
_d6189